书目信息 |
| 题名: |
公共部门人力资源管理
|
|
| 作者: | 谭融 主编 | |
| 分册: | ||
| 出版信息: | 天津 天津大学出版社 2008.02 |
|
| 页数: | 274页 | |
| 开本: | 24cm | |
| 丛书名: | 21世纪公共行政学系列教材 | |
| 单 册: | ||
| 中图分类: | D035.2 | |
| 科图分类: | ||
| 主题词: | 人事管理学--ren shi guan li xue--高等学校--教学参考资料 | |
| 电子资源: | ||
| ISBN: | 978-7-5618-2604-1 | |
| 000 | 01137nam 2200301 450 | |
| 001 | 012009971068 | |
| 005 | 20090924103355.90 | |
| 010 | @a978-7-5618-2604-1@dCNY28.00 | |
| 100 | @a20090924d2008 em y0chiy0120 ea | |
| 101 | 0 | @achi |
| 102 | @aCN@b120000 | |
| 105 | @aak a 000yy | |
| 106 | @ar | |
| 200 | 1 | @a公共部门人力资源管理@Agong gong bu men ren li zi yuan guan li@e理论与案例@f谭融主编@Ftan rong zhu bian |
| 210 | @a天津@c天津大学出版社@d2008.02 | |
| 215 | @a274页@c图@d24cm | |
| 225 | 2 | @a21世纪公共行政学系列教材@A21 shi ji gong gong xing zheng xue xi lie jiao cai |
| 312 | @a英文并列题名取自封面 | |
| 320 | @a有书目 | |
| 330 | @a本书内容涉及公共部门人力资源的发展战略、管理理念、管理体制和管理机构、分类管理、人力资源放入规划和获取、调配与流动等。 | |
| 410 | 0 | @12001 @a21世纪公共行政学系列教材 |
| 510 | 1 | @aPublic human resource management@etheories and cases@zeng |
| 517 | 1 | @a理论与案例@Ali lun yu an li |
| 606 | 0 | @a人事管理学@Aren shi guan li xue@x高等学校@j教学参考资料 |
| 690 | @aD035.2@v4 | |
| 701 | 0 | @a谭融@Atan rong@4主编 |
| 801 | 0 | @aCN@bQSSK@c20090924 |
| 905 | @b759262-64@dD035.2@eT122@f3 | |
| 公共部门人力资源管理:理论与案例/谭融主编.-天津:天津大学出版社,2008.02 |
| 274页:图;24cm.-(21世纪公共行政学系列教材) |
| ISBN 978-7-5618-2604-1:CNY28.00 |
| 本书内容涉及公共部门人力资源的发展战略、管理理念、管理体制和管理机构、分类管理、人力资源放入规划和获取、调配与流动等。 |
| ● |
| 相关链接 |
|
|
|
正题名:公共部门人力资源管理
索取号:D035.2/T122
 
预约/预借
| 序号 | 登录号 | 条形码 | 馆藏地/架位号 | 状态 | 备注 |
| 1 | 759262 | 207592620 | 社科库509/509社科库 68排1列2层/ [索取号:D035.2/T122] | 在馆 | |
| 2 | 759263 | 207592639 | 社科库509/422社科库 42排1列2层/ [索取号:D035.2/T122] | 在馆 | |
| 3 | 759264 | 207592648 | 社科库509/509社科库 68排1列2层/ [索取号:D035.2/T122] | 在馆 |